| 000 | 00687nam a22002297a 4500 | ||
|---|---|---|---|
| 999 |
_c17235 _d17235 |
||
| 003 | AR-CdUCM | ||
| 008 | 190507b ||||| |||| 00| 0 spa d | ||
| 040 |
_aMUNICIPALIDAD PROVINCIAL DEL CUSCO _cBIBLIOTECA MUNICIPAL DEL CUSCO |
||
| 041 | _heng. | ||
| 082 |
_a818.5 / _bC88 |
||
| 100 |
_aCozzens, James Gould _937124 |
||
| 245 | _aEl último Adán / | ||
| 260 |
_aBuenos Aires : _bPlaza & Janes, _c1964. |
||
| 300 |
_a302 paginas ; _c19 cm. |
||
| 505 | _aContenido :Novela / | ||
| 650 |
_aLiteratura estadounidense _911000 |
||
| 650 |
_aNovela _95 |
||
| 650 |
_aSiglo XX _98 |
||
| 700 |
_aBarberá, Manuel (traductor) _926773 |
||
| 942 |
_2ddc _cLIBROS |
||
| 945 |
_arjall _d2019-05-07 |
||